000
00323nam a22001457a 4500
999
_c
54915
_d
54915
008
190925b ||||| |||| 00| 0 eng d
020
_a
9780071787123
041
_a
eng
080
_a
316.46
082
_a
316.46
100
_a
53
101
_a
MEN
245
_a
Twelve Absolutes Leadership
_c
Burnison.G
942
_2
udc
_c
BK